|
|
|
|
| LEADER |
00993cam a22002415a 4500 |
| 005 |
20151026133349.0 |
| 008 |
120229s2012 flua ob 001 0 eng d |
| 020 |
|
|
|a 9781439869222
|
| 080 |
|
|
|a 343.53
|b EDE
|
| 100 |
|
|
|a Edelbacher, Maximillian; ed.
|e ed. by
|
| 245 |
0 |
0 |
|a Financial crimes
|b a threat to global security
|c edited by Maximillian Edelbacher, Peter Kratcoski and Michael Theil.
|
| 260 |
|
|
|a Boca Raton, Fla.
|b CRC Press
|c 2012
|
| 300 |
|
|
|a xxvii, 417 p.
|
| 490 |
1 |
|
|a Advances in police theory and practice series
|
| 650 |
|
0 |
|a Commercial crimes - Prevention.
|
| 650 |
|
0 |
|a Financial institutions - Corrupt practices - Prevention.
|
| 650 |
|
0 |
|a Financial crises - Prevention.
|
| 700 |
1 |
|
|a Kratcoski, Peter C.; ed. by
|
| 700 |
1 |
|
|a Theil, Michael; ed. by
|
| 942 |
|
|
|c BK
|6 _
|
| 830 |
|
0 |
|a Advances in police theory and practice series.
|
| 999 |
|
|
|c 69237
|d 69237
|
| 952 |
|
|
|0 0
|1 0
|2 udc
|4 0
|6 34353_EDE
|7 0
|9 81356
|a UL
|b UL
|d 2015-01-22
|g 0.00
|o 343.53 EDE
|p 00072889
|r 2015-02-25
|v 0.00
|w 2015-01-22
|y BK
|